| 000 | 00548nmm a2200169Ia 4500 | ||
|---|---|---|---|
| 008 | 251105s9999||||xx |||||||||||||||||und|| | ||
| 020 | _a8470307169 | ||
| 041 | _aspa | ||
| 100 | _aGonzález Cuevas, Pedro Carlos | ||
| 245 | 0 |
_aHistoria de las derechas españolas : _b De la Ilustración a nuestros dias |
|
| 264 |
_a[Madrid, España] : _bBiblioteca Nueva, _c2000 |
||
| 300 | _a525 páginas | ||
| 490 | _aHistoria Biblioteca Nueva | ||
| 650 | _aHistory of Europe: Spain | ||
| 856 | _uhttps://public.digitaliapublishing.com/a/3952 | ||
| 942 | _cCF | ||
| 999 |
_c73166 _d73166 |
||